[Event "BCF-ch Yates U1500 op"]
[Site "Hull"]
[Date "2024.07.27"]
[Round "3"]
[White "Lamb, Keven A"]
[Black "Gunarathne, Miheli1"]
[Result "0-1"]
[WhiteElo "1423"]
[BlackElo "1326"]
[PlyCount "140"]
[EventDate "2024.07.26"]
[EventType "swiss"]
[EventRounds "5"]
[EventCountry "ENG"]
[SourceTitle "CB31_2024"]
[SourceDate "2024.07.31"]
[SourceVersion "1"]
[SourceVersionDate "2024.07.31"]
[SourceQuality "1"]

1. e4 d5 2. exd5 Nf6 3. Nf3 Bg4 4. Nc3 Nxd5 5. a3 Nc6 6. Bc4 Nf6 7. d3 e6 8. 0-0 Be7 9. h3 Bh5 10. Bf4 a6 11. Re1 0-0 12. Re3 Nd4 13. g4 Bg6 14. Nxd4 Qxd4 15. Bxc7 Rac8 16. Be5 Qb6 17. b4 Rfd8 18. Qe2 Nd5 19. Nxd5 exd5 20. Bb3 d4 21. Rf3 Re8 22. Rc1 Bd6 23. Qd1 Bxe5 24. h4 h5 25. g5 Qd6 26. Qf1 Qc6 27. Qg2 Qc7 28. Qf1 Bf4 29. Re1 Be5 30. Bc4 Qd7 31. Rh3 Bc7 32. Rb1 Bf5 33. Rf3 Qd6 34. Qg2 Bg6 35. Rc1 Re7 36. c3 dxc3 37. Re3 Rce8 38. Rxc3 Rxe3 39. fxe3 Rxe3 40. Qf2 Rg3+ 41. Kf1 Qe5 42. d4 Qe4 43. Rxg3 Bxg3 44. Qxg3 Qxd4 45. Be2 Qa1+ 46. Kf2 Qd4+ 47. Ke1 Qe4 48. Qh2 Qb1+ 49. Kf2 Qb2 50. Qb8+ Kh7 51. Qxb7 Qxa3 52. Bxa6 Qb2+ 53. Kg3 Qe5+ 54. Kf2 Qf4+ 55. Ke2 Qe5+ 56. Kd2 Qb2+ 57. Ke3 Qc3+ 58. Kf4 Qd4+ 59. Kg3 Qe3+ 60. Kh2 Qf2+ 61. Kh1 Qxh4+ 62. Kg1 Qxg5+ 63. Kf2 Qd2+ 64. Kg3 Qe3+ 65. Kh2 Qf2+ 66. Kh1 Qe1+ 67. Kh2 Be4 68. Qb5 Qf2+ 69. Kh3 Qg2+ 70. Kh4 Qg4# 0-1